Capitales de los departamentos del Perú - Texto - Estadísticas

Estadísticas generales
  • Esta prueba ha sido intentada 54 veces
  • La puntuación promedio es 18 de 24
Estadísticas de respuestas
Departamento Capital % Correcto
Arequipa Arequipa
94%
Lima (Ciudad) Lima
94%
Cuzco Cuzco
91%
Ica Ica
88%
Piura Piura
88%
La Libertad Trujillo
88%
Puno Puno
82%
Tacna Tacna
82%
Ayacucho Ayacucho
79%
Lambayeque Chiclayo
79%
Moquegua Moquegua
79%
Pasco Cerro de Pasco
76%
Huánuco Huánuco
76%
Loreto Iquitos
76%
Tumbes Tumbes
76%
Huancavelica Huancavelica
74%
Madre de Dios Puerto Maldonado
71%
Áncash Huaraz
68%
Amazonas Chachapoyas
62%
Apurímac Abancay
59%
Junín Huancayo
56%
Ucayalli Pucallpa
53%
San Martín Moyobamba
41%
Lima (Provincia) Huacho
24%
No se encontraron pruebas coincidentes
Distribución de puntuación
Porcentaje de gente con cada puntuación
Porcentaje por número respondido
Historial de tus puntuaciones
No has intentado esta prueba.